Sun, Moon and Stars / (Record no. 6551)

MARC details
000 -LEADER
fixed length control field 01387nam a22003017a 4500
001 - CONTROL NUMBER
control field 6551
003 - CONTROL NUMBER IDENTIFIER
control field FISKH
005 - DATE AND TIME OF LATEST TRANSACTION
control field 20250509100644.0
008 - FIXED-LENGTH DATA ELEMENTS--GENERAL INFORMATION
fixed length control field 250509b cb ||||| |||| 00| 0 eng d
020 ## - INTERNATIONAL STANDARD BOOK NUMBER
International Standard Book Number 9780746074770
040 ## - CATALOGING SOURCE
Original cataloging agency FISKH
Language of cataloging eng
Transcribing agency FISKH
Modifying agency FISKH
050 ## - LIBRARY OF CONGRESS CALL NUMBER
Classification number QB64
082 ## - DEWEY DECIMAL CLASSIFICATION NUMBER
Classification number 523.2
100 ## - MAIN ENTRY--PERSONAL NAME
Personal name Turnbull, Stephanie
245 ## - TITLE STATEMENT
Title Sun, Moon and Stars /
Statement of responsibility, etc. Stephanie Turnbull ; Designed by Zoe Wray ; illustrated by Kuo Kang Chen and Uwe Mayer
260 ## - PUBLICATION, DISTRIBUTION, ETC.
Place of publication, distribution, etc. London :
Name of publisher, distributor, etc. Usborne Publishing,
Date of publication, distribution, etc. 2003.
300 ## - PHYSICAL DESCRIPTION
Extent 30 unnumbered pages :
Other physical details color illstrations ;
Dimensions 21 cm
505 ## - FORMATTED CONTENTS NOTE
Formatted contents note L<br/>
520 ## - SUMMARY, ETC.
Summary, etc. Answers questions such as 'What is the sun made of?" and "How did astronauts get to the moon?" plus others on what's out in space. What is the Sun made of? How did astronauts get to the Moon and what did they find there? In this book you'll find the answers and lots more about what's out in space. Sun, Moon and stars is part of an exciting new series of books for children who are beginning to read on their own. The easy-to-read text has been specially written with the help of a reading expert.
521 8# - TARGET AUDIENCE NOTE
Target audience note 510<br/>
Source Lexile estimate <br/>
521 8# - TARGET AUDIENCE NOTE
Target audience note L<br/>
Source Raz-Plus
650 ## - SUBJECT ADDED ENTRY--TOPICAL TERM
Topical term or geographic name entry element Astronomy
Form subdivision Planets
700 ## - ADDED ENTRY--PERSONAL NAME
Personal name Wray, Zoe
Relator term Author
700 ## - ADDED ENTRY--PERSONAL NAME
Personal name Chen, Kuo Kang
Relator term illustrator
700 ## - ADDED ENTRY--PERSONAL NAME
Personal name Mayer, Uwe
Relator term illustrator
942 ## - ADDED ENTRY ELEMENTS (KOHA)
Source of classification or shelving scheme Dewey Decimal Classification
Koha item type Books
Suppress in OPAC No
Holdings
Withdrawn status Lost status Source of classification or shelving scheme Damaged status Not for loan Collection Home library Current library Shelving location Date acquired Total Checkouts Full call number Barcode Date last seen Copy number Price effective from Koha item type
    Dewey Decimal Classification     Non-Fiction Footprints International School Library Network Toul Kork Campus Footprints International School Library Network Toul Kork Campus TK Primary Library Room(4th Floor), Bookcase 3&4, Shelves 17-32, Yellow Books 05/09/2025   TUR 523.2 QB64 FISBK072647 05/09/2025 1 05/09/2025 Books